000 00663nam a2200289Ia 4500
005 20260324135122.0
008 008 260324s9999 xx 000 0 eng d
020 _a9780203059135
037 _aEBOOK
040 _aCRL
040 _beng
040 _cCRL
041 _2eng
041 _aeng
084 _qCRL
100 _aBert Edstrom
_91194554
245 4 _aThe Japanese and Europe
245 0 _bImages and Perceptions
260 _bTaylor and Francis
260 _c2000
365 _a
365 _b230
856 _uhttp://www.taylorfrancis.com/books/9780203059135
942 _cEBOOK
999 _c1800154
_d1800154